Bhartiya Sanskriti Darshan Aur Sanskrit Vangmay( 4 vol Set) (Record no. 395844)

MARC details
000 -LEADER
fixed length control field 00371 a2200133 4500
000 - LEADER
fixed length control field nam a22 7a 4500
100 ## - MAIN ENTRY--PERSONAL NAME
Personal name Prasad, Mahendra
110 ## - MAIN ENTRY--CORPORATE NAME
Corporate name or jurisdiction name as entry element Prasad, Mahendra
245 ## - TITLE STATEMENT
Title Bhartiya Sanskriti Darshan Aur Sanskrit Vangmay( 4 vol Set)
250 ## - EDITION STATEMENT
Edition statement Latest edition
260 ## - PUBLICATION, DISTRIBUTION, ETC.
Name of publisher, distributor, etc. Paradise Publishers
Date of publication, distribution, etc. 2025
264 ## - PRODUCTION, PUBLICATION, DISTRIBUTION, MANUFACTURE, AND COPYRIGHT NOTICE
Name of producer, publisher, distributor, manufacturer Paradise Publishers
Date of production, publication, distribution, manufacture, or copyright notice 2025
942 ## - ADDED ENTRY ELEMENTS (KOHA)
Koha item type Books
Holdings
Date last seen Total checkouts Barcode Copy number Cost, replacement price Price effective from Koha item type Lost status Source of classification or shelving scheme Damaged status Not for loan Withdrawn status Home library Current library Date acquired Source of acquisition Cost, normal purchase price
27/01/2026   444276 444276-444279 9980.00 27/01/2026 Books   Dewey Decimal Classification       VIVEKANANDA LIBRARY VIVEKANANDA LIBRARY 27/01/2026 12 7485.00
© Designed and Maintained by Vivekananda Library, MDU Rohtak